Statistics for Largest Cities in English-Speaking Countries in North America - Hard

Click here to take the quiz!

General Stats

  • This quiz has been taken 52 times
  • The average score is 66 of 102

Answer Stats

Rank Population Country State / Province / County / Island Hint City % Correct
18'550'000USANew YorkEmpire State BuildingNew York City
100%
23'972'000USACaliforniaHollywoodLos Angeles
98%
32'721'000USAIllinoisWindy CityChicago
98%
42'615'000CanadaOntarioCN TowerToronto
98%
17864'000USACaliforniaGolden Gate BridgeSan Francisco
95%
52'296'000USATexasNASA Mission Control CenterHouston
95%
61'650'000CanadaQuebecSt. Lawrence RiverMontreal
93%
71'567'000USAPennsylvaniaLiberty BellPhiladelphia
93%
29667'000USAMassachusettsTea PartyBoston
93%
111'300'000USATexasWhere JFK was assassinatedDallas
93%
28672'000USADistrict of ColumbiaCapital of the United StatesWashington, D.C.
93%
101'395'000USACaliforniaClose to Tijuana, MexicoSan Diego
93%
56441'000USAFloridaSouth BeachMiami
90%
27677'000USAMichiganMotownDetroit
90%
15883'000CanadaOntarioCapital of CanadaOttawa
90%
24684'000USAWashingtonSpace NeedleSeattle
90%
35623'000USANevadaGamblingLas Vegas
88%
25682'000USAColoradoMile-High CityDenver
88%
18853'000USAIndianaIndy 500Indianapolis
88%
19850'000USAOhioThe guy who discovered AmericaColumbus
88%
81'563'000USAArizonaValley of the SunPhoenix
88%
131'041'000JamaicaSurreyCapital of JamaicaKingston
86%
91'470'000USATexasThe AlamoSan Antonio
86%
91271'000USAFloridaWalt Disney WorldOrlando
86%
45517'000CanadaQuebecChâteau FrontenacQuebec City
86%
14932'000USATexasLive musicAustin
83%
75316'000USAMissouriGateway ArchSaint Louis
83%
38604'000CanadaBritish ColumbiaOlympic Winter Games 2010Vancouver
83%
58411'000USAMinnesotaTwin CitiesMinneapolis
83%
34631'000USAOklahoma1995 bombingOklahoma City
83%
62390'000USALouisianaBourbon StreetNew Orleans
83%
31656'000USATennesseeElvisMemphis
81%
32655'000USATennesseeMusic CityNashville
81%
33632'000USAOregonBiggest city in OregonPortland
79%
70353'000USAHawaiiWaikiki BeachHonolulu
76%
65388'000USAClevelandNBA champions "Cavaliers"Cleveland
76%
46491'000USACaliforniaCapital of CaliforniaSacramento
76%
51464'000USAGeorgiaToo busy to hateAtlanta
76%
131'027'000USACaliforniaSilicon ValleySan Jose
76%
36622'000USAMarylandOnce second-biggest city in the USBaltimore
76%
22812'000CanadaAlbertaWayne Gretzky played here for the OilersEdmonton
76%
16868'000USAFloridaLargest city in FloridaJacksonville
74%
99257'000USAFloridaSecond-largest city in RussiaSaint Petersburg
74%
121'097'000CanadaAlbertaStampedeCalgary
74%
39600'000USAWisconsinBaseball team "Brewers"Milwaukee
74%
47475'000USAMissouriBBQKansas City
74%
21827'000USANorth CarolinaBank of AmericaCharlotte
74%
26681'000USATexasBorders Ciudad Juarez, MexicoEl Paso
74%
54451'000USANorth CarolinaResearch TriangleRaleigh
71%
78304'000USAPennsylvaniaSteel cityPittsburgh
71%
68366'000CanadaOntarioNot to be confused with the capital of EnglandLondon
71%
73324'000USATexasLatin for "Body of Christ"Corpus Christi
69%
20833'000USATexasMetroplexFort Worth
69%
37615'000USAKentuckyMuhammad AliLouisville
69%
40559'000USANew MexicoBreaking BadAlbuquerque
67%
97258'000USANew YorkNiagara FallsBuffalo
67%
87282'000USANew JerseyA New York airportNewark
67%
67369'000USAFloridaFamous bayTampa
67%
41531'000USAArizonaSaguaro National ParkTucson
64%
90274'000BahamasNew ProvidenceCapital of the BahamasNassau
64%
80301'000USAMinnesotaCapital of MinnesotaSaint Paul
64%
81299'000USAAlaskaLargest city in AlaskaAnchorage
64%
57419'000USACaliforniaEast Bay (Bay Area)Oakland
64%
82299'000USAOhioReds and BengalsCincinnati
64%
72335'000USACaliforniaSpanish for "Saint Anne"Santa Ana
62%
30664'000CanadaManitoba"Gateway to the West"Winnipeg
62%
48474'000USACaliforniaSnoop DoggLong Beach
57%
52457'000USAColoradoPikes PeakColorado Springs
57%
55444'000USANebraskaWarren BuffettOmaha
55%
71350'000USACaliforniaDisneylandAnaheim
55%
63390'000CanadaNova ScotiaSwissair flight 111Halifax
55%
89277'000USANebraska16th POTUSLincoln
55%
59404'000USAOklahomaOil Capital of the WorldTulsa
50%
44520'000USACaliforniaSan Joaquin ValleyFresno
50%
49472'000USAArizonaBiggest US city with four lettersMesa
48%
53453'000USAVirginiaChesapeake Bay Bridge-TunnelVirginia Beach
48%
64388'000USATexasSix Flags Over TexasArlington
45%
94264'000USANew JerseyWall Street WestJersey City
45%
98258'000USANorth CarolinaResearch TriangleDurham
43%
61390'000USAKansas"The Air Capital of the World"Wichita
43%
66375'000USACaliforniaKern countyBakersfield
40%
23713'000CanadaOntarioAbsolute WorldMississauga
40%
74322'000USACaliforniaInland EmpireRiverside
38%
88280'000USAOhio"The Glass City"Toledo
36%
100257'000USACaliforniaUCIIrvine
31%
101255'000USATexasRio GrandeLaredo
31%
76314'000USAKentuckyHorsesLexington
31%
84286'000USANevadaVegas suburbHenderson
31%
43520'000CanadaOntarioCanadian Football Hall of FameHamilton
31%
69359'000USAColorado2012 shooting in a cinemaAurora
29%
96260'000USAIndianaChildren's ZooFort Wayne
26%
42524'000CanadaOntarioThe Flower Town of CanadaBrampton
26%
85285'000USANorth CarolinaICRCMGreensboro
24%
93265'000CanadaQuebecAcross from OttawaGatineau
24%
50468'000CanadaBritish ColumbiaPeace ArchSurrey
24%
77306'000USACaliforniaAll-America CityStockton
21%
92266'000USACaliforniaSan Diego suburbChula Vista
21%
60402'000CanadaQuebecRivière des PrairiesLaval
19%
86284'000USATexasDr PepperPlano
17%
95261'000USAArizonaSatellite locations for many technology companiesChandler
17%
83288'000CanadaOntarioCanada's WonderlandVaughan
14%
79302'000CanadaOntarioCivic centreMarkham
14%

Score Distribution

Percentile by Number Answered

Percent of People with Each Score

Your Score History

You have not taken this quiz